| Tag |
First Indicator |
Second Indicator |
Subfields |
| LEADER |
00000cam a2200000 a 4500 |
| 001 |
in00001593021 |
| 005 |
20151022162629.0 |
| 008 |
940119s1993 it af 000 0 ita d |
| 010 |
|
|
|a 93194421
|
| 020 |
|
|
|a 8822240529
|
| 035 |
|
|
|a (OCoLC)ocm29021721
|
| 040 |
|
|
|a MoU
|c DLC
|d TXA
|d UtOrBLW
|
| 042 |
|
|
|a lccopycat
|
| 043 |
|
|
|a e-it---
|
| 049 |
|
|
|a TXAM
|
| 050 |
0 |
0 |
|a DG866
|b .V47 1993
|
| 082 |
0 |
0 |
|a 945/.807
|2 20
|
| 100 |
1 |
|
|a Verga, Marcello.
|
| 245 |
1 |
3 |
|a La Sicilia dei grani :
|b gestione dei feudi e cultura economica fra Sei e Settecento /
|c Marcello Verga.
|
| 264 |
|
1 |
|a Firenze :
|b Olschki,
|c 1993.
|
| 300 |
|
|
|a 255 pages, 1 unnumbered leaf of plates :
|b illustrations ;
|c 24 cm.
|
| 336 |
|
|
|a text
|b txt
|2 rdacontent
|
| 337 |
|
|
|a unmediated
|b n
|2 rdamedia
|
| 338 |
|
|
|a volume
|b nc
|2 rdacarrier
|
| 490 |
1 |
|
|a Studi - Accademia toscana di scienze e lettere La Colombaria ;
|v 132
|
| 504 |
|
|
|a Includes bibliographical references and index.
|
| 651 |
|
0 |
|a Sicily (Italy)
|x History.
|
| 650 |
|
0 |
|a Agriculture
|z Italy
|z Sicily
|x History.
|
| 650 |
|
0 |
|a Latifundio
|z Italy
|z Sicily.
|
| 650 |
|
0 |
|a Feudalism
|z Italy
|z Sicily.
|
| 830 |
|
0 |
|a Studi (Accademia toscana di scienze e lettere La Colombaria) ;
|v 132.
|
| 948 |
|
|
|a cataloged
|b h
|c 2001/2/8
|d c
|e dmitchel
|f 12:54:12 pm
|
| 994 |
|
|
|a E0
|b TXA
|
| 999 |
|
|
|a MARS
|
| 999 |
f |
f |
|s 698319e2-07f4-371f-8009-caf0bd9b619b
|i 33137270-d780-379a-933d-f844422fbef5
|t 0
|
| 952 |
f |
f |
|p ric
|a Texas A&M University
|b Rellis Campus
|c Joint Library Facility
|d Remote Storage
|t 0
|e DG866 .V47 1993
|h Library of Congress classification
|i unmediated -- volume
|m A14827168119
|
| 998 |
f |
f |
|a DG866 .V47 1993
|t 0
|l Remote Storage
|